header

Insect pathogens (Record no. 3488)

MARC details
000 -LEADER
fixed length control field 01173nam a2200301Ia 4500
082 04 - DEWEY DECIMAL CLASSIFICATION NUMBER
Classification number 632/.7
245 00 - TITLE STATEMENT
Title Insect pathogens
260 ## - PUBLICATION, DISTRIBUTION, ETC. (IMPRINT)
Place of publication Cambridge, MA :
Name of publisher CABI,
Year of publication 2009.
300 ## - PHYSICAL DESCRIPTION
Number of Pages xvi, 417 p.
650 #0 - SUBJECT ADDED ENTRY--TOPICAL TERM
Topical Term Insects
Topical Term Insects
700 1# - ADDED ENTRY--PERSONAL NAME
Personal name Stock, S. Patricia.
856 40 - ELECTRONIC LOCATION AND ACCESS
Uniform Resource Identifier http://site.ebrary.com/lib/rucke/Doc?id=10281498

No items available.

© 2026 Rongo University
Contact us: librarian | system librarian | Rongo university